000 00683nam a2200265Ia 4500
001 696
005 20240113233425.0
007 ta
008 050122s1940 a g b000 u eng u
020 _cHB
040 _aCotton College,Assam
041 _aeng
082 _a954.123
_bH 18 Ac
100 _aHamilton, Francis .
245 0 _aAn Account of Assam /
_cFrancis Hamilton.
_hTextual Documents
250 _a1st ed. /
260 _aGauhati :
_bGovt.of Assam ,
_c1940.
300 _a104p. :
_bill ;
_c21cm. .
653 _aAccount of Assam
653 _aHistory-Assam
653 _aReference-Histroy
942 _2ddc
_cBK
999 _c694
_d694